| 000 | 00708cam a2200241 a 4500 | ||
|---|---|---|---|
| 001 | 000008850 | ||
| 005 | 20200929161426.0 | ||
| 008 | 800108s2000 mx 001 f spa d | ||
| 020 | _a9681906950 | ||
| 040 |
_aDO-SdBNP _cIC _dODaWU _dCoP _dDLC |
||
| 082 |
_aM863.44 _bF954mu |
||
| 100 | 1 |
_aFuentes, Carlos, _d1928- _99774 |
|
| 245 | 1 | 3 |
_aLa muerte de Artemio Cruz / _cCarlos Fuentes. |
| 260 |
_aMéxico : _bAlfaguara, _c2000. |
||
| 300 |
_a444 p. ; _c18 cm. |
||
| 490 | 1 |
_aBiblioteca Carlos Fuentes _v34 |
|
| 650 | 4 |
_aNovela mexicana _93959 |
|
| 650 | 4 |
_aLiteratura mexicana _91922 |
|
| 830 | 0 |
_aBiblioteca Carlos Fuentes ; _v34 _923404 |
|
| 910 | _aCatalogación por copia | ||
| 910 | _aWM | ||
| 049 | _aBNGR | ||
| 999 |
_c8619 _d8619 |
||